The history of Israel (Record no. 20884)

MARC details
000 -LEADER
fixed length control field 00499nam a2200181Ia 4500
008 - FIXED-LENGTH DATA ELEMENTS--GENERAL INFORMATION
fixed length control field 210303s9999 xx 000 0 und d
016 ## - NATIONAL BIBLIOGRAPHIC AGENCY CONTROL NUMBER
Source reto2022b
040 ## - CATALOGING SOURCE
Original cataloging agency NLN
Language of cataloging English
Description conventions AACR2
100 ## - MAIN ENTRY--AUTHOR
Author EWALD, Heinrich
Dates associated with a name 1803-1875
Relator term aut
245 #4 - TITLE STATEMENT
Title The history of Israel
Statement of responsibility, etc Heinrich Ewald
260 ## - PUBLICATION, DISTRIBUTION, ETC. (IMPRINT)
Place of publication London :
Name of publisher Longmans, Green and Co.,
Date of publication 1880
300 ## - COLLATION
Pagination V. ;
Other physical details 23cm
563 ## - BINDING INFORMATION
Binding note (pbk)
650 ## - TRACINGS
Main Subject Jews
Subdivision (1st) History
942 ## - ADDED ENTRY ELEMENTS (KOHA)
Suppress in OPAC No
Item type Books
050 ## - LIBRARY OF CONGRESS CALL NUMBER
Classification number DS117
Item number .E92
082 ## - DEWEY DECIMAL CLASSIFICATION NUMBER
Classification number 909.04924
Holdings
Withdrawn status Lost status Source of classification or shelving scheme Damaged status Not for loan Home library Current library Date acquired Total Checkouts Full call number Barcode. Date last seen Price effective from Koha item type
    Library of Congress Classification     LAGOS BRANCH National Library of Nigeria 04/03/2021   DS117 .E92 2024-555555550998556 04/03/2021 04/03/2021 Books

National Library of Nigeria OPAC is powered by Koha